00433 2200181 4500001002100000005001500021008004100036035001900077041000700096082001000103090001600113100001500129245003000144260002200174300002900196500001000225650001600235INLIS00000000000141920241224112339241224||||||||| | ||| |||| || |  0010-1224001419 aid0 a372.4 a372.4 HID m0 aA. Hidayat00aMengenal Warna dan Bentuk bPionir Jayac1995 a28 hlm. : ilus, ; 20 cm. aCet.1 0aIlmu Sosial